000 01182nam a2200241Ia 4500
999 _c56520
_d56520
001 23634
003 GE_BSU
005 20260226165209.0
008 181216s1982||||ge |||||||||||||| ||geo||
040 _cGE_BSU
041 _ageo
080 _a81'1(075.8) კ-65
100 _aკოდუხოვი, ვ.
_97723
245 _aზოგადი ენათმეცნიერება :
_b[სახელმძღვ. უნ-ტებისა და პედ. ინ-ტების ფილოლოგიის სპეციალობებისათვის] / .
_cვ. კოდუხოვი ; რედ. : ა. ღლონტი ; მთარგმნ. : რ. ენუქაშვილმა.
264 _aთბილისი :
_bგანათლება,
_c1982.
300 _a382 გვ. ;
_c22 სმ.
541 _h1ლ. 78თ.
653 _aზოგადი ენათმეცნიერება
653 _aქართული ენა
700 _aღლონტი, ა.
_eრედაქტორი
_916233
700 _aენუქაშვილი, რ.
_eმთარგმნელი
_926998
942 _cBK
_2udc